| 000 | 00399nam a2200133 a 4500 | ||
|---|---|---|---|
| 001 | 000040513 | ||
| 005 | 20201002034201.0 | ||
| 008 | 130828s2012 dr 000 0 spa d | ||
| 040 |
_aDO-SdBNP _bspa _cBNPHU |
||
| 100 | 1 |
_aMena, Daniel _966817 |
|
| 245 | 1 | 3 |
_aLa marca de los ángeles : _bprofecía antimaya 2012 / _cDaniel Mena. |
| 260 |
_aSanto Domingo : _b[s.n.], _c[2012]. |
||
| 300 |
_a465 p. ; _c23 cm. |
||
| 999 |
_c40003 _d40003 |
||